On This Day: September 10th Quiz Stats

 Plays Quiz Updated Sep 10, 2017

Challenge
Share
Tweet
Embed
Score 0/7 Timer 03:00
0 Plays Today
Question Answer Wrong Answers
This traditionally neutral country joins the United Nations.
2002
Switzerland
92.3%
Moldova
1.2%
Bhutan
1.3%
Ethiopia
1.4%
This English actor, known for his portrayal of King George VI in ‘The King's Speech’, is born.
1960
Colin Firth
85.2%
Hugh Grant
3.6%
Colin Farrell
7.4%
Pierce Brosnan
2.1%
Hamida Djandoubi, an agricultural worker and convicted murderer, is the last person to be executed by ______ in France.
1977
Guillotine
84.2%
Firing Squad
5.5%
Lethal Injection
1.9%
Hanging
4.6%
The people of Gibraltar vote to remain a ______ dependency rather than becoming part of Spain.
1967
British
75.5%
French
9.3%
Moroccan
10%
Italian
1.9%
Built by this European research organization, the Large Hadron Collider is powered up in Geneva.
2008
CERN
68%
NOAA
7.9%
BERN
15%
ESA
5.2%
At the Summer Olympics in Rome, Abebe Bikila becomes the first sub-Saharan African to win a gold medal, winning the ______ in bare feet.
1960
Marathon
67.6%
100 Meters
16.4%
Mile Run
10.3%
4 × 400 Relay
2.9%
Nine nations attend the Nyon Conference to address international ______ in the Mediterranean Sea.
1937
Piracy
57.5%
Pollution
12%
Fishing
28.8%
Boat Racing
1.6%

Today's Daily Dose

You're not logged in!

Compare scores with friends on all Sporcle quizzes.
Join for Free
OR
Log In

You Might Also Like...

Show Comments

Extras

Top Quizzes Today


Score Distribution

Your Account Isn't Verified!

In order to create a playlist on Sporcle, you need to verify the email address you used during registration. Go to your Sporcle Settings to finish the process.

Report this User

Report this user for behavior that violates our Community Guidelines.

Details: